000 00502nam a2200217 454500
001 040719
003 BD-ChCU
008 Eng
020 _a0690201974
040 _aDLC
_cDLC
_dBD-ChCU
082 0 0 _a370/S876f
100 1 _aStone, James C.
_bSchneider, Frederick W.
245 1 0 _aFoundations of education
_bx
250 _a2
260 _aNew Yord
_bThomas Y. Crowell
_c1971
300 _ax
504 _aIncludes
650 0 _aEducation
_bEducation
700 1 _ax
942 _2ddc
_cBK
999 _c40719
_d40719